000 00611nam a22001817a 4500
005 20251108175343.0
008 250721s2015 xx 000 0 ara d
082 1 4 _a216.9242/ضمو
100 1 _aالضمور، حسين محمد
245 1 0 _aالعوامل المؤثرة في السياسة الائتمانية في المصارف الإسلامية /
264 1 _aعمان :
_bدار أمجد للنشر والتوزيع،
_c2015.
300 _a231 ص.
650 1 7 _aالبنوك الإسلامية
650 1 7 _aالتسليف
650 1 7 _aالسياسة
942 _2ddc
_cBK
999 _c132162
_d132162